Politics of expertise (Record no. 341249)

000 -LEADER
fixed length control field 00363cam a22001337a 4500
008 - FIXED-LENGTH DATA ELEMENTS--GENERAL INFORMATION
fixed length control field 180718b1972 xxu||||| |||| 00| 0 eng d
082 ## - DEWEY DECIMAL CLASSIFICATION NUMBER
Classification number I52 B442
100 ## - MAIN ENTRY--PERSONAL NAME
Personal name Benveniste, Guy
245 ## - TITLE STATEMENT
Title Politics of expertise
Statement of responsibility, etc. by Guy Benveniste
260 ## - PUBLICATION, DISTRIBUTION, ETC.
Place of publication, distribution, etc. Berkeley
Name of publisher, distributor, etc. Glendessary
Date of publication, distribution, etc. 1972
300 ## - PHYSICAL DESCRIPTION
Extent 232p.
650 ## - SUBJECT ADDED ENTRY--TOPICAL TERM
Topical term or geographic name entry element Political planning
650 ## - SUBJECT ADDED ENTRY--TOPICAL TERM
Topical term or geographic name entry element Government consultants
Holdings
Withdrawn status Lost status Damaged status Not for loan Permanent Location Current Location Date acquired Full call number Barcode Date last seen Price effective from Koha item type
        Indian Institute of Public Administration Indian Institute of Public Administration 1993-09-16 I52 B442 48492 2018-07-21 2018-07-21 Book

Powered by Koha